| Tag |
First Indicator |
Second Indicator |
Subfields |
| LEADER |
00000cam a2200000Mi 4500 |
| 001 |
in00003574321 |
| 006 |
m o d |
| 007 |
cr mnu---uuaaa |
| 008 |
121227s1986 ne a o 000 0 eng |
| 005 |
20260422202356.0 |
| 019 |
|
|
|a 840305526
|
| 020 |
|
|
|a 9789400941991 (electronic bk.)
|
| 020 |
|
|
|a 9400941994 (electronic bk.)
|
| 020 |
|
|
|z 9789401083645
|
| 020 |
|
|
|z 9401083649
|
| 035 |
|
|
|a (OCoLC)851369000
|z (OCoLC)840305526
|
| 040 |
|
|
|a AU@
|b eng
|e pn
|c AU@
|d OCLCQ
|d I9W
|d GW5XE
|d OCLCQ
|d OCLCF
|d UtOrBLW
|
| 049 |
|
|
|a TXAM
|
| 050 |
|
4 |
|a TN260
|
| 072 |
|
7 |
|a RBGL
|2 bicssc
|
| 072 |
|
7 |
|a SCI031000
|2 bisacsh
|
| 082 |
0 |
4 |
|a 553
|2 23
|
| 100 |
1 |
|
|a Thomas, B. M.
|
| 245 |
1 |
0 |
|a Petroleum Geochemistry in Exploration of the Norwegian Shelf :
|b Proceedings of a Norwegian Petroleum Society (NPF) conference Organic Geochemistry in Exploration of the Norwegian Shelf held in Stavanger, 22-24 October 1984 /
|c edited by B.M. Thomas.
|
| 264 |
|
1 |
|a Dordrecht :
|b Springer Netherlands,
|c 1986.
|
| 300 |
|
|
|a 1 online resource (350 pages 180 illustrations)
|
| 336 |
|
|
|a text
|b txt
|2 rdacontent
|
| 337 |
|
|
|a computer
|b c
|2 rdamedia
|
| 338 |
|
|
|a online resource
|b cr
|2 rdacarrier
|
| 500 |
|
|
|a Electronic resource.
|
| 650 |
|
0 |
|a Geography.
|
| 650 |
|
0 |
|a Geology, Economic.
|
| 650 |
|
7 |
|a Geography.
|2 fast
|0 (OCoLC)fst00940469
|
| 650 |
|
7 |
|a Geology, Economic.
|2 fast
|0 (OCoLC)fst00940720
|
| 655 |
|
7 |
|a Electronic books.
|2 local
|
| 710 |
2 |
|
|a SpringerLink (Online service)
|
| 776 |
1 |
8 |
|i Print version:
|z 9789401083645
|
| 856 |
4 |
0 |
|u http://proxy.library.tamu.edu/login?url=https://link.springer.com/10.1007/978-94-009-4199-1
|z Connect to the full text of this electronic book
|t 0
|
| 994 |
|
|
|a 92
|b TXA
|
| 999 |
|
|
|a MARS
|
| 999 |
f |
f |
|s 81262fc5-5db4-3435-a97f-a2fc88ff1e51
|i b388d077-4278-3025-8976-f8cd7559feac
|t 0
|
| 952 |
f |
f |
|a Texas A&M University
|b College Station
|c Electronic Resources
|s www_evans
|d Available Online
|t 0
|e TN260
|h Library of Congress classification
|
| 998 |
f |
f |
|a TN260
|t 0
|l Available Online
|